Teoria multimilor /
Guardado en:
| Autor Principal: | |
|---|---|
| Formato: | Libro |
| Idioma: | Romanian |
| Publicado: |
[Bucuresti] :
Editura Academiei Republicii Populare Romîne,
1962.
|
| Materias: | |
| Etiquetas: |
Agregar Etiqueta
Sin Etiquetas, Sea el primero en etiquetar este registro!
|
| LEADER | 00687nam a22002055a 4500 | ||
|---|---|---|---|
| 001 | MAT.inmabb004430 | ||
| 008 | 840817s1962####rm############000#0#rumo# | ||
| 005 | 20180316161732.0 | ||
| 245 | 1 | 0 | |a Teoria multimilor / |c de C. Constantinescu. |
| 260 | |a [Bucuresti] : |b Editura Academiei Republicii Populare Romîne, |c 1962. | ||
| 300 | |a 106 p. ; |c 21 cm. | ||
| 500 | |a Cab. port.: "Academia Republicii Populare Romîne, Institutul de Matematica". | ||
| 500 | |a "Seminar M. Neculcea". | ||
| 510 | 4 | |a MR, |c 27 #4756 | |
| 100 | 1 | |a Constantinescu, Corneliu. | |
| 650 | 0 | |a Set theory. | |
| 084 | |a 03Exx |2 msc2000 | ||
| 010 | |a 68086300 | ||
| 040 | |a DLC |c CarP |d DLC | ||
| 859 | |h 03 |i C758 |p A-955 |b BIB. MATEMATICA | ||
